000 00594nam a2200205 a 4500
005 20140311163004.0
008 030620s19uu xx 00 eng d
020 _a0-13-260720-4
050 _aHG 4928.5
_b.T36 1997
100 _aTanous, Peter J.
245 _aInvestment Gurus /
_cPeter J. Tanous.
260 _aNew York :
_bNew York Institute of Finance,
_c1997.
300 _a414 p. :
_bill. ;
_c24 cm.
521 _aBSBA
650 _aInvestment advisors
_xUnited States
_xInterviews
650 _aStocks
650 _aPortfolio management
942 _cBK
_2lcc
_kFOR
999 _c39266
_d39266